Statistiken für PDC World Matchplay Darts 2023

Klicken Sie hier um das Quiz zu spielen!

Allgemein

  • Dieses Quiz wurde 106 mal gespielt
  • Das Durchschnittsergebnis liegt bei 26 aus 32

Antwortstatistiken

NationalitätSpieler% Korrekt
NiederlandeMichael van Gerwen
99%
SchottlandPeter Wright
99%
DeutschlandMartin Schindler
97%
EnglandMichael Smith
97%
DeutschlandGabriel Clemens
96%
WalesGerwyn Price
96%
BelgienDimitri Van den Bergh
94%
SchottlandGary Anderson
94%
WalesJonny Clayton
93%
EnglandRoss Smith
93%
BelgienKim Huybrechts
90%
NiederlandeDanny Noppert
88%
PortugalJosé de Sousa
88%
NordirlandDaryl Gurney
85%
EnglandRob Cross
85%
PolenKrzysztof Ratajski
84%
EnglandLuke Humphries
84%
AustralienDamon Heta
82%
NiederlandeDirk van Duijvenbode
82%
EnglandJames Wade
81%
NordirlandBrendan Dolan
79%
NiederlandeRaymond van Barneveld
79%
NordirlandJosh Rock
78%
EnglandNathan Aspinall
76%
EnglandJoe Cullen
74%
EnglandDave Chisnall
72%
EnglandChris Dobey
59%
EnglandRyan Searle
59%
BelgienMike De Decker
54%
EnglandStephen Bunting
54%
EnglandAndrew Gilding
53%
EnglandSteve Beaton
26%

Verteilung der Resultate

Perzentil nach korrekt beantworteten Fragen

Anzahl Personen mit jedem Resultat

Ihre Resultats-Entwicklung

Sie haben dieses Quiz noch nicht gespielt